Elements of the Periodic Table with just enough Letters: 3 Minute Sprint - Statistics

General Stats
  • This quiz has been taken 1,185 times
  • The average score is 59 of 114
Answer Stats
Element % Correct
HYdrogen
89%
HElium
87%
OXygen
85%
BORon
82%
Uranium
78%
GOld
76%
LIThium
75%
NITrogen
74%
ALuminium
73%
ARGon
72%
BERYllium
72%
CARbon
72%
SILVer
72%
ZINc
72%
Krypton
70%
MAGnesium
69%
COPPer
68%
Xenon
67%
CHLorine
65%
FLUorine
65%
NEON
65%
SOdium
65%
ANtimony
64%
IROn
64%
CALCium
63%
GErmanium
63%
POTassium
63%
ZIRconium
63%
ARSenic
62%
PHosphorus
62%
MANganese
61%
SILIcon
61%
TIN
61%
YTTRium
61%
AStatine
60%
BArium
60%
EInsteinium
60%
SUlfur
60%
Vanadium
59%
AMericium
58%
ERbium
58%
IOdine
58%
BRomine
57%
LEad
56%
MOlybdenum
56%
PLUtonium
56%
RADOn
56%
RADIum
55%
TITanium
55%
ACtinium
54%
CHRomium
53%
GALlium
53%
YTTErbium
53%
CUrium
51%
TUngsten
51%
BIsmuth
50%
CALIfornium
50%
COBalt
50%
NICkel
49%
FRancium
48%
IRIdium
48%
SELenium
48%
CADmium
47%
CESium
47%
INdium
47%
DArmstadtium
46%
MERcury
46%
PAlladium
46%
PLAtinum
45%
POLonium
45%
SAmarium
45%
EUropium
44%
PRAseodymium
43%
TAntalum
43%
LANthanum
42%
CERium
41%
COPErnicium
41%
HOlmium
41%
NEPtunium
41%
OSmium
41%
ROentgenium
41%
RUTHERfordium
41%
SCandium
41%
STrontium
41%
GADolinium
40%
NEODymium
40%
RHOdium
40%
RUBidium
40%
RUTHENium
40%
DYsprosium
39%
HAFnium
39%
NIObium
39%
BERKelium
38%
TERbium
38%
THAllium
38%
THOrium
38%
FErmium
36%
LAWrencium
36%
LUtetium
36%
PROTactinium
36%
TELlurium
36%
BOHrium
35%
DUbnium
34%
MENdelevium
34%
NObelium
34%
RHEnium
34%
TEChnetium
34%
THUlium
34%
SEAborgium
33%
FLErovium
32%
HASsium
32%
MEItnerium
31%
PROMethium
31%
LIVermorium
30%
No matching quizzes found
Score Distribution
Percent of People with Each Score
Percentile by Number Answered
Your Score History
You have not taken this quiz